| 000 | 00000nam##2200000za#4500 |
| 001 | 9.643079 |
| 003 | CaOODSP |
| 005 | 20260106135606 |
| 007 | cr ||||||||||| |
| 008 | 150407|2002||||xxc|||||o f|0| 0 fre|d |
| 040 | |aCaOODSP|bfre |
| 043 | |an-cn--- |
| 086 | 1 |aM154-76/2002F-PDF |
| 110 | 2 |aCentre de la technologie de l'eĢnergie de CANMET (Canada) |
| 245 | 10|aEffets de la teneur en soufre du combustible sur les émissions de particules par des systèmes de combustion de mazout dans des conditions accélérées en laboratoire / |h[ressource électronique]|ctravail effectué pour Environnement Canada, [par] S.W. Lee, I. He, T. Herage, B. Young, V. Razbin, E. Kelly, et R. Pomalis. |
| 260 | |aOttawa - Ontario : |bRessources naturelles Canada. |cMars 2002. |
| 300 | |a117p.|bfigures (certaines en couleur), graphiques, références, tableaux, photographies |
| 500 | |a« Ce travail a été financé en partie par le Programme de recherche et de développement énergétiques (PRDE) »--Couverture. Affiché avec l'autorisation du département. |
| 590 | |a14-21-Supp|b2014-12-11 |
| 691 | 07|aCarburant|2gcpds |
| 691 | 07|aÉmission atmosphérique|2gcpds |
| 691 | 07|aProtection de l'environnement|2gcpds |
| 775 | 08|tFuel sulphur effects on particulate emissions from fuel oil combustion systems under accelerated laboratory conditions / |w(CaOODSP)9.699111 |
| 856 | 40|ahttp://publications.gc.ca|qPDF|s15.88 Mo|uhttps://publications.gc.ca/collections/collection_2014/rncan-nrcan/M154-76-2002-fra.pdf |
| 986 | |aCETC 02-09(CF) |